TV Shows by Streaming Platform - Statistics

General Stats
  • This quiz has been taken 84 times
  • The average score is 9 of 15
Answer Stats
Show Streaming Service % Correct
Stranger Things Netflix
100%
Squid Game Netflix
86%
Bridgerton Netflix
79%
Wednesday Netflix
77%
The Summer I Turned Pretty Amazon Prime
70%
The Boys Amazon Prime
68%
Euphoria HBO Max
65%
Fallout Amazon Prime
58%
Game of Thrones HBO Max
53%
The Bear Hulu
47%
Ted Lasso Apple TV
46%
Succession HBO Max
44%
The Last of Us HBO Max
42%
The Handmaid's Tale Hulu
39%
Severance Apple TV
32%
No matching quizzes found
Score Distribution
Percent of People with Each Score
Percentile by Number Answered
Your Score History
You have not taken this quiz